| 000 | 00367nam a22001337a 4500 | ||
|---|---|---|---|
| 008 | 250325b |||||||| |||| 00| 0 eng d | ||
| 020 | _a9171062769 | ||
| 050 |
_aPN133 _b.C75 |
||
| 100 | _aPETERSON Holst Kirsten | ||
| 245 | _aCriticism and Ideology; Second African Writer's Conference Stockholm. | ||
| 260 |
_aNil _bScandinavian _c1988 |
||
| 300 | _a223p. | ||
| 942 | _cBK | ||
| 999 |
_c2693 _d2693 |
||